000 00336nam a2200145Ia 4500
005 20251222153649.0
008 251222s9999||||xx |||||||||||||| ||spa||
020 _a8479890894
082 _a616.6/L42
100 _aLeiva Galvis, Óscar
245 0 _aUrología
250 _a3ra. ed.
264 _bGrupo Luzán 5, S. A.
942 _cLIB
999 _c33057
_d33057